Plu Quiz - Statistics

General Stats
  • This quiz has been taken 852 times
  • The average score is 23 of 67
Answer Stats
Hint Answer % Correct
Bananas 4011
99%
Avocado 4046
66%
Lime 4048
63%
Lemon 4053
58%
Asparagus 4080
58%
Oranges 4012
57%
Granny Smith Apples 4017
56%
Green Seedless Grapes 4022
53%
Red Seedless Grapes 4023
53%
Cilantro 4889
53%
Kiwi 4030
52%
Vine Ripe Tomatos 4664
51%
Cantaloupe 4050
50%
Regular Broccoli 4060
49%
Cucumber 4062
49%
Green Pepper 4065
49%
Red Onions 4082
48%
Zucchini 4067
47%
Large Seedless Watermelon 4032
45%
Green Beans 4066
44%
Plums 4040
43%
Cherries 4045
42%
Green Cabbage 4069
42%
Ginger Root 4612
42%
Eggplant 4081
41%
Cauliflower 4079
40%
Garlic 4608
40%
Red Peppers (Quantity) 4688
40%
Orange Peppers 3121
39%
Red Delicious Apples 4016
37%
Plum Tomatoes 4087
37%
Large White Onion 4663
36%
sweet onion 4166
34%
Italian Parsley 4901
34%
Yellow Peppers 4689
33%
English Cukes 4593
32%
Parsley 4899
31%
Golden Delicious Apples 4020
30%
Jalapeno 4693
30%
Yellow Corn 4078
29%
Mango 4959
28%
Honeycrisp Apples 3283
27%
Red Peppers (Weighed) 4088
27%
Sweet Potato 4091
27%
Kale 4627
26%
Macintosh Apples 4019
25%
Peaches 4044
25%
Large Seeded Watermelon 4031
24%
Red Cabbage 4554
24%
Bartlett Pears 4409
23%
Small Watermelon 3421
22%
Onion Vidalia 4159
19%
Small Yellow Onion 4665
18%
Bosc Pears 4413
15%
Butternut Squash 4759
15%
Pink Lady Apples 4130
14%
Anjou Pears 4416
13%
Spaghetti Squash 4776
13%
Large Tomatos 3151
12%
Summer Squash 4086
10%
Grapefruit 4288
10%
Pomegranate 3127
9%
Cortland Apples 4104
6%
Honeydew 4329
6%
Empire Apples 4127
5%
Macoun Apples 3073
2%
Nectarine 4379
2%
No matching quizzes found
Score Distribution
Percent of People with Each Score
Percentile by Number Answered
Your Score History
You have not taken this quiz